| 000 | 00735nam a2200241 a 4500 | ||
|---|---|---|---|
| 001 | BRCA_5575 | ||
| 005 | 20190320205134.0 | ||
| 008 | 180211s1920----sp-a######---#000-0#spa-# | ||
| 041 | _aspa | ||
| 044 | _asp | ||
| 050 | 4 |
_aND813.M3 _b.F73 1920 |
|
| 100 | 1 |
_aFrances, José _914218 |
|
| 245 | 1 | 0 |
_aGustavo de Maeztu _cJosé Frances.Prólogo de José Francés |
| 260 |
_aMadrid _bTipografía Artística Cervantes _c1920 |
||
| 300 |
_a22 p. _bil., 31 láminas _c21 cm. |
||
| 440 | 0 |
_aBiblioteca Estrella _pMonografías de arte _914219 |
|
| 500 | _aF50 | ||
| 600 | 1 | 4 |
_aMaeztu y Whitney, Gustavo de _d1887-1947 _914220 |
| 650 | 1 | 4 |
_aPintores españoles _97620 |
| 700 | 1 |
_aFrances, José _eprol. _914218 |
|
| 902 | _aGFM | ||
| 942 |
_2lcc _cB |
||
| 999 |
_c5269 _d5269 |
||